[Event "1st Sivas Buruciye Open 2019"]
[Site "Sivas"]
[Date "2019.08.20"]
[Round "3"]
[White "Erdogan, Kayra"]
[Black "Akbayir, Eymen"]
[Result "1/2-1/2"]
[WhiteElo "1119"]
[BlackElo "1108"]
[Annotator "NA"]
[PlyCount "77"]
[EventDate "2019.08.19"]
[EventType "swiss"]
[EventCountry "TUR"]
[SourceTitle "playchess.com"]
[Source "ChessBase"]
[SourceQuality "1"]
[TimeControl "5400+30"]

1. e4 {[%emt 0:00:30]} e5 {[%emt 0:01:30]} 2. Nf3 {[%emt 0:00:00]} Nc6 {[%emt 0:00:30]} 3. Bc4 {[%emt 0:00:00]} Bc5 {[%emt 0:00:30]} 4. O-O {[%emt 0:00:00]} d6 {[%emt 0:01:30]} 5. h3 {[%emt 0:00:00]} Nf6 {[%emt 0:00:30]} 6. Re1 {[%emt 0:00:30]} O-O {[%emt 0:00:30]} 7. c3 {[%emt 0:00:00]} h6 {[%emt 0:02:30]} 8. d4 {[%emt 0:00:00]} exd4 {[%emt 0:00:30]} 9. cxd4 {[%emt 0:00:30]} Bb4 {[%emt 0:00:30]} 10. Nc3 {[%emt 0:00:30]} Bxc3 {[%emt 0:01:30]} 11. bxc3 {[%emt 0:00:30]} d5 {[%emt 0:01:30]} 12. exd5 {[%emt 0:01:30]} Nxd5 {[%emt 0:06:30]} 13. Qc2 {[%emt 0:00:30]} Nf6 {[%emt 0:00:30]} 14. Ba3 {[%emt 0:01:30]} Re8 {[%emt 0:03:30]} 15. Rxe8+ {[%emt 0:10:30]} Qxe8 {[%emt 0:04:30]} 16. Re1 {[%emt 0:00:30]} Qd7 {[%emt 0:01:30]} 17. Ne5 {[%emt 0:02:30]} Nxe5 {[%emt 0:02:30]} 18. Rxe5 {[%emt 0:00:30]} Qc6 {[%emt 0:13:30]} 19. Qb3 {[%emt 0:00:30]} Qb6 {[%emt 0:10:30]} 20. Bxf7+ {[%emt 0:01:30]} Kh8 {[%emt 0:00:30]} 21. Rb5 {[%emt 0:00:30]} Qa6 {[%emt 0:01:30]} 22. Re5 {[%emt 0:12:30]} Qb6 {[%emt 0:02:30]} 23. Qxb6 {[%emt 0:00:30]} axb6 {[%emt 0:00:30]} 24. Bb4 {[%emt 0:00:30]} Bd7 {[%emt 0:00:30]} 25. Kf1 {[%emt 0:01:30]} Bc6 {[%emt 0:02:30]} 26. f3 {[%emt 0:01:30]} Rd8 {[%emt 0:00:30]} 27. Re7 {[%emt 0:03:30]} Rd7 {[%emt 0:01:30]} 28. Rxd7 {[%emt 0:02:30]} Bxd7 {[%emt 0:00:30]} 29. c4 {[%emt 0:00:30]} g5 {[%emt 0:02:30]} 30. Bf8 {[%emt 0:02:30]} Kh7 {[%emt 0:01:30]} 31. d5 {[%emt 0:01:30]} Bf5 {[%emt 0:05:30]} 32. Ke2 {[%emt 0:00:30]} Bb1 {[%emt 0:02:30]} 33. a3 {[%emt 0:00:30]} Ba2 {[%emt 0:00:30]} 34. Kd3 {[%emt 0:01:30]} Bb1+ {[%emt 0:01:30]} 35. Kc3 {[%emt 0:00:30]} Bf5 {[%emt 0:00:00]} 36. Kd4 {[%emt 0:01:30]} Bc2 {[%emt 0:03:00]} 37. c5 {[%emt 0:06:30]} bxc5+ {[%emt 0:02:30]} 38. Bxc5 {[%emt 0:00:30]} Bd1 {[%emt 0:02:30]} 39. Be7 {[%emt 0:01:30]} 1/2-1/2

[Event "1st Sivas Buruciye Open 2019"]
[Site "Sivas"]
[Date "2019.08.20"]
[Round "3"]
[White "Eryilmaz, Zubeyr Kerem"]
[Black "Capraz, Arda"]
[Result "0-1"]
[WhiteElo "1032"]
[BlackElo "1384"]
[Annotator "NA"]
[PlyCount "46"]
[EventDate "2019.08.19"]
[EventType "swiss"]
[EventCountry "TUR"]
[SourceTitle "playchess.com"]
[Source "ChessBase"]
[SourceQuality "1"]
[TimeControl "5400+30"]

1. Nf3 {[%emt 0:00:30]} d5 {[%emt 0:00:30]} 2. c4 {[%emt 0:00:30]} e6 {[%emt 0:00:30]} 3. e3 {[%emt 0:00:00]} Nf6 {[%emt 0:00:30]} 4. a3 {[%emt 0:00:00]} c5 {[%emt 0:00:30]} 5. d4 {[%emt 0:00:30]} cxd4 {[%emt 0:05:30]} 6. exd4 {[%emt 0:01:30]} dxc4 {[%emt 0:03:30]} 7. Bxc4 {[%emt 0:00:30]} Nc6 {[%emt 0:01:30]} 8. Nc3 {[%emt 0:00:30]} a6 {[%emt 0:03:30]} 9. Be3 {[%emt 0:00:30]} b5 {[%emt 0:03:30]} 10. Nxb5 {[%emt 0:08:30]} axb5 {[%emt 0:00:30]} 11. Bxb5 {[%emt 0:00:30]} Qa5+ {[%emt 0:01:30]} 12. Qd2 {[%emt 0:00:00]} Qxb5 {[%emt 0:00:00]} 13. Rc1 {[%emt 0:00:00]} Bd7 {[%emt 0:00:00]} 14. Bf4 {[%emt 0:00:30]} Nd5 {[%emt 0:01:30]} 15. Bg3 {[%emt 0:00:30]} Be7 {[%emt 0:00:30]} 16. Ne5 {[%emt 0:01:30]} Nxe5 {[%emt 0:07:30]} 17. Bxe5 {[%emt 0:00:30]} Nf6 {[%emt 0:01:30]} 18. h4 {[%emt 0:01:30]} Rc8 {[%emt 0:04:30]} 19. Rxc8+ {[%emt 0:02:30]} Bxc8 {[%emt 0:00:00]} 20. Rh3 {[%emt 0:00:30]} Ba6 {[%emt 0:00:00]} 21. Kd1 {[%emt 0:01:30]} Qf1+ {[%emt 0:00:30]} 22. Kc2 {[%emt 0:00:00]} O-O {[%emt 0:13:30]} 23. f3 {[%emt 0:03:00]} Rc8+ {[%emt 0:00:30]} 0-1

[Event "1st Sivas Buruciye Open 2019"]
[Site "Sivas"]
[Date "2019.08.21"]
[Round "4"]
[White "Annaberdiev, Meilis"]
[Black "Lortkipanidze, Nodar"]
[Result "0-1"]
[WhiteElo "2518"]
[BlackElo "2336"]
[Annotator "TA"]
[PlyCount "71"]
[EventDate "2019.08.19"]
[EventType "swiss"]
[EventCountry "TUR"]
[SourceTitle "playchess.com"]
[Source "ChessBase"]
[SourceQuality "1"]

{[%evp 9,71,-17,-2,-14,-23,-1,37,41,33,0,0,-14,7,-43,0,0,43,11,52,12,65,0,72,65,68,51,179,47,63,62,156,142,130,10,262,73,72,72,58,39,50,24,21,-14,-14,-17,-10,-140,-94,-118,0,-981,-985,-975,-977,-2485,-2013,-6422,-6299,-1364,-1209,-5769,-5714,-29994]} 1. g3 e5 2. Bg2 Nc6 3. c3 d5 (3... g6 4. e4 Bg7 5. Ne2 Nge7 6. d4 exd4 7. cxd4 d5 8. e5 f6 9. f4 Bg4 10. Nbc3 fxe5 11. dxe5 {½-½ (58) Minasian,A (2557)-Kazhgaleyev,M (2630) Moscow 2009}) 4. d4 e4 5. Nh3 h5 $146 ({Predecessor:} 5... Nf6 6. O-O Be7 7. f3 O-O 8. Nf2 exf3 9. exf3 Bf5 10. Bf4 Nh5 11. Bd2 {1-0 (46) Boguszlavszkij,J (2318)-Paksa,R (2192) Ajka 2005}) 6. f3 {A00: Irregular Openings} exf3 7. exf3 Bxh3 8. Bxh3 {White is slightly better.} Bd6 9. Kf2 h4 10. Kg2 Kf8 11. Be3 Qf6 12. Qd3 Nge7 13. Nd2 g6 14. Bf2 Kg7 (14... g5 $11) 15. Rae1 (15. f4 $1 $14) 15... Rh7 (15... g5 $11) 16. f4 $16 (16. gxh4 $6 Bf4 $11) 16... Rah8 17. Nf3 Nd8 (17... hxg3 $14 18. hxg3 Nd8) 18. c4 (18. gxh4 $6 Rh6 $16) (18. Nxh4 $18 {Threatens to win with Bg4.} a6 19. Re2) 18... dxc4 19. Qxc4 {aiming for Ng5.} c6 (19... Rh5 $14) 20. Ng5 {Black must now prevent Ne4.} (20. Nxh4 Nd5 $15) 20... Nd5 21. Ne4 (21. Nxh7 $16 Rxh7 22. Qb3) 21... hxg3 $4 {[%mdl 8192]} (21... Qe7 $11 {and Black stays safe.}) 22. hxg3 $2 (22. Nxf6 $18 {is the precise move to win.} Nxf4+ 23. Kf1 (23. Kxg3 Rxh3+ 24. Kg4 Kxf6 $11) 23... Rxh3 24. Bxg3 Kxf6 25. Rg1) 22... Qe7 23. Ng5 {[#]} Rxh3 $1 {[%mdl 512]} 24. Nxh3 (24. Rxh3 $2 Qxe1 $3 {[%mdl 512]} 25. Bxe1 (25. Rxh8 $2 Kxh8 26. Bxe1 Ne3+ {[%mdl 64] Double Attack} 27. Kf3 Nxc4 $19) 25... Ne3+ 26. Kf3 Nxc4 $19) 24... Ne6 25. Qb3 (25. Kg1 $5 {[%cal Rh3g5]}) 25... Qf6 26. Re4 ({And not} 26. Qxb7 Rxh3 $1 {[%mdl 512]} 27. Rxe6 (27. Kxh3 $2 {loses.} Nexf4+ 28. Kh2 Nd3 $19) (27. Qxc6 $2 Ndxf4+ 28. gxf4 Nxf4+ 29. Kg1 Nd3 $19) 27... Rxg3+ 28. Kxg3 Qxe6 $19) 26... Qf5 $36 {[%mdl 2048] Black is pushing.} 27. Qf3 g5 28. Ng1 (28. fxg5 $1 $11 Qxf3+ 29. Kxf3) 28... Rxh1 29. Kxh1 {Threatening fxg5.} gxf4 ({Better is} 29... g4 $17 30. Qe2 {[#]} Nexf4 $1 {[%mdl 512]} 31. gxf4 Qh5+ 32. Kg2 f5) 30. Re1 $2 {[%mdl 8192]} (30. gxf4 $11 Qh7+ 31. Nh3) 30... Ng5 $19 {Black is clearly winning.} 31. Qg2 f3 32. Qh2 Nf6 33. Qh4 Ng4 34. Rf1 Ne4 35. Be1 {[#]} f2 $1 {[%mdl 576] Double Attack} 36. a3 {Accuracy: White = 19%, Black = 36%.} 0-1

[Event "1st Sivas Buruciye Open 2019"]
[Site "Sivas"]
[Date "2019.08.21"]
[Round "4"]
[White "Bagaturov, Giorgi"]
[Black "Bashirov, Teymur"]
[Result "0-1"]
[WhiteElo "2417"]
[BlackElo "2298"]
[Annotator "TA"]
[PlyCount "80"]
[EventDate "2019.08.19"]
[EventType "swiss"]
[EventCountry "TUR"]
[SourceTitle "playchess.com"]
[Source "ChessBase"]
[SourceQuality "1"]

{[%evp 15,80,0,20,6,6,0,0,-21,-4,-33,0,-79,-65,-66,-7,-69,25,0,44,35,57,36,0,-88,-87,-87,-87,-208,-205,-379,-398,-383,-388,-343,-249,-237,0,-277,-245,-234,-239,-216,-225,-289,-282,-974,-965,-923,-825,-823,-787,-978,-988,-918,-918,-911,-903,-29989,-29990,-29990,-29991,-29995,-29996,-29996,-29996,-29996,-29997]} 1. d4 Nf6 2. Nf3 d5 3. c4 e6 4. Nc3 Be7 5. Bg5 O-O 6. e3 h6 7. Bxf6 Bxf6 8. Qc2 b6 9. O-O-O {D55: Queen's Gambit Declined: 4 Bg5 Be7: Lines without ...h6 and 6...h6 7 Bxf6} (9. cxd5 exd5 10. Be2 Bb7 11. O-O Nd7 12. Rfd1 a6 13. Rac1 Be7 14. Qf5 Nf6 15. Ne5 Qc8 16. Bd3 Qxf5 17. Bxf5 {1-0 (43) Bu,X (2730)-Dervishi,E (2552) Riadh 2017}) 9... Nc6 10. a3 Na5 $146 ({Predecessor:} 10... Bb7 11. cxd5 exd5 12. h4 Qd7 13. g4 Qxg4 14. Be2 Qe6 15. Ng5 hxg5 16. hxg5 g6 17. gxf6 {0-1 (44) Kende,G (2265)-Vujosevic,V (2340) Budapest 1990}) 11. cxd5 {The position is equal.} exd5 12. Kb1 c5 13. h3 (13. h4 $11 {remains equal.}) 13... c4 14. g4 b5 (14... Rb8 $15) 15. Ne5 (15. Bg2 $11) 15... Bb7 ({Better is} 15... Rb8 $15) 16. Bg2 Be7 17. h4 $1 {And now g5 would win.} b4 18. axb4 Bxb4 19. g5 (19. Na2 $1 $11 {keeps the balance.} Be7 20. g5 $1 {[%mdl 512]}) 19... Bxc3 $1 $17 20. Qxc3 {[#] Hoping for gxh6.} h5 $1 21. f4 {[#]} (21. g6 $17 fxg6 22. Rhg1) 21... Bc8 $1 $19 22. e4 $2 (22. g6 Bf5+ 23. e4 Bxg6 24. f5) 22... Rb8 23. Rc1 Rb3 24. Qd2 Rb7 25. Qc3 Rb3 26. Qd2 Rb6 27. Qc3 Nb3 28. Rcd1 Qe8 29. Rhe1 Qa4 30. exd5 $2 (30. Bf3) 30... Bf5+ 31. Be4 Rfb8 32. Nxc4 Rb4 (32... Bxe4+ $2 33. Rxe4 Na5 34. Nxb6 $19) 33. Na3 Bxe4+ 34. Rxe4 {[#]} Nc5 $1 {[%mdl 576] Pin, Discovered Attack} 35. Ree1 (35. Qxc5 Qxd1+) 35... Rxb2+ 36. Kc1 {[#]} R2b3 $1 {[%mdl 512] Black mates.} 37. Qxc5 Rxa3 38. Qc6 {[#]} Rb1+ $1 {[%mdl 512]} 39. Kd2 (39. Kxb1 Ra1+) 39... Qxd4+ {[%mdl 64] Double Attack} 40. Ke2 Rb2+ {Accuracy: White = 32%, Black = 61%.} 0-1

[Event "1st Sivas Buruciye Open 2019"]
[Site "Sivas"]
[Date "2019.08.21"]
[Round "4"]
[White "Odeev, Handszar"]
[Black "Temizkan, Denizcan"]
[Result "1/2-1/2"]
[WhiteElo "2360"]
[BlackElo "2175"]
[Annotator "TA"]
[PlyCount "27"]
[EventDate "2019.08.19"]
[EventType "swiss"]
[EventCountry "TUR"]
[SourceTitle "playchess.com"]
[Source "ChessBase"]
[SourceQuality "1"]

{[%evp 9,27,-59,-33,-52,-18,-44,-45,-42,-35,-85,-81,-56,0,-9,0,-90,-85,-97,-42,-66]} 1. c4 Nf6 2. e3 e6 3. g4 (3. Nc3 d5 4. Nf3 Be7 5. b3 O-O 6. Bb2 b6 7. cxd5 Nxd5 8. Nxd5 exd5 9. Qc2 c5 10. a3 Nc6 11. Bb5 Bb7 12. O-O Rc8 13. Rac1 a6 14. Be2 d4 {½-½ (36) Carlsen,M (2843)-Karjakin,S (2782) Stavanger 2018}) 3... d5 $146 ({Predecessor:} 3... Be7 4. Bg2 h6 5. Nc3 Nc6 6. d4 d5 7. h3 O-O 8. c5 b6 9. cxb6 axb6 10. Nf3 {0-1 (28) Shore,J (1661)-Sellick,S (1645) Llandudno 2017}) 4. g5 Ne4 5. d3 Nd6 ({But not} 5... Nxg5 $2 6. h4 $18) (5... Bb4+ {seems wilder.} 6. Nd2 Bxd2+ 7. Bxd2 Nxd2 8. Qxd2 Qxg5 9. f4 Qh4+) 6. Nf3 {A15: English Opening: 1...Nf6} Nd7 7. Nc3 dxc4 8. dxc4 b6 9. Be2 Bb7 10. Rg1 Nc5 (10... g6 $15) 11. Qc2 Nde4 12. Rg4 {[#]} (12. b4 $11 Nxc3 13. bxc5 Nxe2 14. Kxe2) 12... Nxc3 $1 $17 13. Qxc3 f5 ({Better is} 13... Qe7 $17 14. a3 a5) 14. gxf6 $1 1/2-1/2

[Event "1st Sivas Buruciye Open 2019"]
[Site "Sivas"]
[Date "2019.08.21"]
[Round "4"]
[White "Annaberdiyev, Babageldi"]
[Black "Sandalakis, Angelos"]
[Result "0-1"]
[WhiteElo "2242"]
[BlackElo "2439"]
[Annotator "TA"]
[PlyCount "134"]
[EventDate "2019.08.19"]
[EventType "swiss"]
[EventCountry "TUR"]
[SourceTitle "playchess.com"]
[Source "ChessBase"]
[SourceQuality "1"]

{[%evp 11,134,1,25,26,14,12,24,-29,-24,-38,-34,-29,-30,-46,-50,-61,-54,-89,-41,-50,-45,-33,-29,-118,-49,-83,-59,-72,-51,-50,-42,-48,-48,-58,-44,-35,-16,-60,-68,-69,-43,-75,-82,-123,-123,-111,-37,-78,-18,-87,-83,-148,-130,-144,-144,-144,-144,-159,-140,-139,-101,-207,-220,-225,-197,-253,-260,-266,-229,-236,-218,-223,-222,-234,-228,-223,-232,-328,-300,-299,-271,-405,-399,-581,-593,-860,-589,-578,-565,-515,-569,-483,-537,-641,-625,-630,-622,-570,-624,-665,-662,-845,-829,-818,-791,-853,-845,-1168,-1168,-1150,-1130,-1082,-1067,-972,-695,-862,-531,-651,-651,-627,-618,-29977,-29978,-5206,-549]} 1. d4 Nf6 2. Nf3 e6 3. Bf4 c5 4. e3 Nc6 5. c3 d5 6. Nbd2 cxd4 7. exd4 {D02: 1 d4 d5 2 Nf3 sidelines, including 2...Nf6 3 g3 and 2...Nf6 3 Bf4} Nh5 8. Bg5 f6 9. Ne5 $146 ({White should play} 9. Be3 $1 Bd6 10. g3) (9. Be3 Bd6 10. g3 O-O 11. Nh4 g6 12. Be2 Ng7 13. O-O e5 14. dxe5 fxe5 {½-½ (59) Aronian,L (2767)-Nakamura,H (2777) chess.com INT 2018}) 9... g6 $11 10. Nxc6 bxc6 11. Be3 Bd6 12. Be2 Nf4 13. Bf1 O-O 14. Nb3 Qc7 15. Qd2 Nh5 16. Be2 Ng7 17. Bh6 (17. f4 $11) 17... e5 ({Black should try} 17... Re8 $17 18. g4 e5) 18. h4 e4 19. Nc5 Re8 20. O-O-O Nf5 21. Be3 Nxe3 22. fxe3 Qe7 23. g4 Rf8 24. Rdf1 Bxc5 25. dxc5 Qxc5 26. h5 g5 27. h6 Be6 28. Rh2 {[#]} Rf7 (28... Kf7 $1 $17 29. Rhf2 Ke7) 29. Rhf2 Raf8 (29... Qf8 $17 30. Qd4 c5) 30. Rg2 (30. b4 $11 {keeps the balance.} Qd6 31. Qd4) 30... Qd6 31. Rd1 (31. c4 $142) 31... Rd8 32. Qd4 c5 $36 {[%mdl 2048] Black has strong initiative.} 33. Qa4 Qb6 34. Qb5 Qxb5 35. Bxb5 Rb7 36. Be2 (36. c4 $17) 36... Kf7 $19 37. Rf2 Kg6 38. Rdf1 (38. Re1 $142) 38... Rf7 39. Kd2 Rdf8 40. b4 cxb4 41. cxb4 Kxh6 42. Rh2+ Kg7 43. Rfh1 Rh8 44. Kc3 (44. Rc1 $142) 44... Rc7+ 45. Kb2 h6 46. a4 (46. b5 {might work better.}) 46... Rhc8 47. Bd1 (47. Ba6 $142 Rh8 48. Be2) 47... Rc4 48. Rxh6 Bg8 49. b5 Rb4+ 50. Ka3 {[#]} a5 $1 {( -> ...Rc3+)} 51. bxa6 Rb6 {Threatens to win with ...Rc3+.} 52. Rh8 Rc3+ {[%mdl 64] Double Attack} 53. Ka2 Rxa6 54. Bb3 Rxe3 55. Rxg8+ Kxg8 56. Bxd5+ {[%mdl 4096] Endgame KRR-KRB} Kg7 57. Bb3 Rg3 58. Bd1 Rd6 59. Re1 Rd2+ 60. Kb1 Rc3 61. a5 e3 62. a6 Rd6 63. Kb2 Rcd3 64. Be2 Rb6+ 65. Kc2 Ra3 66. Rb1 Ra2+ 67. Kc1 Raxa6 {Accuracy: White = 22%, Black = 64%.} (67... Rc6+ $142 68. Kd1 Rcc2) 0-1

[Event "1st Sivas Buruciye Open 2019"]
[Site "Sivas"]
[Date "2019.08.21"]
[Round "4"]
[White "Yarashov, Azat"]
[Black "Saraci, Nderim"]
[Result "1/2-1/2"]
[WhiteElo "2156"]
[BlackElo "2398"]
[Annotator "TA"]
[PlyCount "98"]
[EventDate "2019.08.19"]
[EventType "swiss"]
[EventCountry "TUR"]
[SourceTitle "playchess.com"]
[Source "ChessBase"]
[SourceQuality "1"]

{[%evp 17,98,0,0,-26,-24,-100,-102,-95,-104,-106,-91,-97,-62,-60,-60,-77,-62,-60,-61,-71,-47,-64,-52,-46,-32,-30,-34,-49,-47,-43,-22,-39,-18,-19,-15,-29,0,0,2,0,0,0,0,0,0,-18,0,0,0,0,0,0,0,0,0,0,0,-8,0,0,0,0,0,0,0,0,0,0,0,0,0,0,0,0,0,0,0,0,0,0,0,0,0]} 1. d4 Nf6 2. Nf3 g6 3. c4 Bg7 4. Nc3 c5 5. e4 cxd4 6. Nxd4 Nc6 7. Nc2 O-O 8. Be2 d6 9. O-O Nd7 10. Bg5 {B37: Sicilian: Maroczy Bind with 5...Bg7, sidelines} (10. Bd2 a5 11. Re1 Nc5 12. Bf1 Ne5 13. Be3 Be6 14. Bd4 a4 15. Ne3 Bd7 16. Qd2 Ne6 17. Ne2 Nxd4 18. Nxd4 Nc6 {0-1 (56) Inarkiev,E (2693)-Mamedov,R (2703) St Petersburg 2018}) 10... Nc5 11. Qd2 (11. f3 $11 {remains equal.}) 11... Bxc3 $1 $17 12. Qxc3 {Black is better.} Nxe4 {[%mdl 64] [#] Double Attack} 13. Qe3 Nxg5 14. Qxg5 Qa5 (14... Bf5 {looks sharper.} 15. Rac1 Bxc2 16. Rxc2 Nd4 17. Rd2 e5) 15. Qxa5 $146 ({Predecessor:} 15. Qh6 Be6 16. Rfd1 Qe5 17. Bd3 Qxb2 {0-1 (35) Boettcher,U (2078)-Clara,H (2379) Bad Neuenahr 2014}) 15... Nxa5 16. Ne3 Be6 17. f4 Nc6 18. Rad1 Rac8 19. b3 f5 20. Rd2 Bf7 21. g3 Rfd8 22. Rfd1 Kf8 23. Kf2 Rc7 24. Bf3 Rcd7 25. h3 Ke8 26. g4 fxg4 27. hxg4 {The position is equal.} Kf8 28. Kg3 Kg7 29. g5 h6 30. gxh6+ Kxh6 31. c5 Be6 32. Bg4 Bxg4 33. Nxg4+ Kg7 34. Ne5 Nxe5 35. fxe5 $11 {[%mdl 4096] Endgame KRR-KRR} d5 36. e6 Rc7 37. b4 b6 38. Rxd5 Rxd5 39. Rxd5 bxc5 {[#] Hoping for ...c4. KR-KR} 40. Rd7 ({Avoid the trap} 40. Rxc5 $2 Rxc5 41. bxc5 Kf6 $19) 40... Rc8 {Threatens to win with ...c4.} 41. Rxe7+ Kf6 42. Rxa7 c4 {[%cal Bc5c4,Bc4c3][%mdl 32]} 43. e7 {aiming for Rc7!} Kf7 44. Rd7 {White wants to mate with Rd8.} Ke8 45. Rd2 c3 46. Rc2 Rc4 47. Kf3 g5 48. Ke3 g4 49. Kd3 Rxb4 {Accuracy: White = 59%, Black = 60%.} 1/2-1/2

[Event "1st Sivas Buruciye Open 2019"]
[Site "Sivas"]
[Date "2019.08.21"]
[Round "4"]
[White "Tofan, Ibrahim"]
[Black "Arman, Deniz"]
[Result "1-0"]
[WhiteElo "2055"]
[BlackElo "2347"]
[Annotator "TA"]
[PlyCount "133"]
[EventDate "2019.08.19"]
[EventType "swiss"]
[EventCountry "TUR"]
[SourceTitle "playchess.com"]
[Source "ChessBase"]
[SourceQuality "1"]

{[%evp 14,133,9,5,6,0,0,-8,5,-17,15,10,67,30,66,52,43,4,34,34,34,37,37,34,41,41,38,33,36,45,38,20,41,23,43,24,23,22,24,8,8,6,8,8,13,-6,-6,-6,-6,-15,-4,-7,0,0,0,0,0,0,0,0,0,0,0,0,0,0,0,0,0,0,0,0,0,0,0,0,0,0,0,0,0,0,0,0,40,8,154,150,125,18,252,204,248,0,0,0,0,0,0,0,529,495,881,751,1392,1109,5708,5604,5089,4606,4618,5175,4618,4618,29969,4627,29975,29976,29972,29973,29979,29976]} 1. e4 Nf6 2. Nc3 d5 3. exd5 Nxd5 4. Bc4 Nb6 5. Bb3 Nc6 6. Qf3 e6 7. Nge2 Be7 8. d3 O-O {B02: Alekhine's Defence: Chase Variation and lines with early Nc3} 9. a4 (9. a3 Na5 10. Ba2 c5 11. Ne4 Nc6 12. O-O Kh8 13. Qh5 Nd5 14. c4 Nc7 15. Ng5 Bxg5 16. Bxg5 {1-0 (59) Wang,C (2490)-Bu,X (2668) Beijing 2012}) 9... Nd7 10. Be3 $146 ({Predecessor:} 10. O-O Nc5 11. Ba2 Nb4 12. Bb1 Nd5 13. d4 Nxc3 14. bxc3 Nd7 15. c4 e5 16. c3 {1-0 (50) Roos,L (2388)-Hinks Edwards,T (2318) France 1999}) 10... Nde5 {The position is equal.} 11. Qh3 Ng6 12. f4 e5 (12... Bb4 $11) 13. f5 $14 Nf4 14. Bxf4 exf4 15. O-O ({Much weaker is} 15. Nxf4 Nd4 $15) 15... Bg5 16. Ne4 g6 17. Nxg5 Qxg5 18. Rxf4 Bxf5 19. Qg3 Qxg3 20. Nxg3 Be6 21. Bxe6 fxe6 22. Re4 e5 23. b4 {[%cal Bb2b4,Bb4b5][%mdl 32]} Rf4 24. b5 Rxe4 $1 25. Nxe4 $11 {[%mdl 4096] Endgame KRN-KRN} Nd4 26. Nf6+ Kg7 27. Ng4 Re8 28. Re1 h5 29. c3 Nxb5 $1 30. axb5 hxg4 {KR-KR} 31. Re4 g3 32. hxg3 Kf6 33. Rc4 Re7 34. Kf2 Rd7 35. Ke3 Rd5 36. Rb4 Rc5 37. c4 c6 38. bxc6 b6 $1 39. Ra4 a5 40. Ra1 Ke6 41. Rb1 Rxc6 42. Ke4 Rd6 43. Rb5 Rd4+ 44. Ke3 Rd6 45. g4 Kf6 46. Ke2 Ke6 47. g5 Kf5 48. Ke3 Kxg5 49. Rxe5+ (49. d4 $5) 49... Kg4 (49... Kf6 $11 50. Rb5 Ke7) 50. d4 $16 a4 51. Re8 (51. Re4+ $16 Kg3 52. d5) 51... Kg3 $2 (51... b5 $1 $11 {and Black is okay.}) 52. Ra8 $18 Kxg2 {[#]} 53. Rxa4 $2 ({Only move:} 53. Ke4 $1 $18) 53... g5 $1 $11 54. Ra6 {Black must now prevent c5!} Re6+ $1 55. Kd3 {c5 is the strong threat.} Kf3 56. d5 Rd6 $2 {[%mdl 8192] [#]} (56... Rf6 $1 $11) 57. Kd4 $1 $18 Kf4 (57... Rh6 $142 58. Ke5 g4 59. Ra3+ Kf2) 58. Ra1 g4 59. Rf1+ Kg5 60. Ke5 Rd8 61. d6 g3 62. Ke6 Re8+ 63. Kd5 Kg4 64. d7 Rh8 65. Kc6 {White mates.} g2 66. Rg1 Rh6+ 67. Kc7 {Accuracy: White = 65%, Black = 48%.} 1-0

[Event "1st Sivas Buruciye Open 2019"]
[Site "Sivas"]
[Date "2019.08.21"]
[Round "4"]
[White "Rahimli, Ilkin"]
[Black "Gasimov, Parviz"]
[Result "1/2-1/2"]
[WhiteElo "1992"]
[BlackElo "2342"]
[Annotator "TA"]
[PlyCount "51"]
[EventDate "2019.08.19"]
[EventType "swiss"]
[EventCountry "TUR"]
[SourceTitle "playchess.com"]
[Source "ChessBase"]
[SourceQuality "1"]

{[%evp 15,51,0,9,-14,-6,-8,-18,-28,-23,-52,-50,-41,-37,-50,-48,-50,-57,-53,-56,-51,-56,-56,-4,-10,-10,-19,0,0,20,7,14,22,57,-6,0,-7,22,21]} 1. e4 c5 2. f4 d6 3. Nf3 Nf6 4. Bb5+ Bd7 5. Bxd7+ Qxd7 6. d3 Nc6 7. Nc3 g6 8. O-O Bg7 9. Kh1 {B23: Closed Sicilian: Lines without g3} (9. Bd2 O-O 10. Qe1 b5 11. Ne2 a5 12. f5 Nb4 13. Qd1 c4 14. Nf4 cxd3 15. cxd3 gxf5 16. exf5 Qxf5 {0-1 (41) Kislinsky,A (2481)-Navara,D (2732) Ostrava 2017}) 9... O-O 10. Be3 b5 {[%cal Bb7b5,Bb5b4][%mdl 32]} 11. Bg1 $146 ({Predecessor:} 11. Qd2 b4 12. Nd1 a5 13. Nf2 Ng4 14. Nxg4 Qxg4 15. h3 Qd7 16. Rab1 Nd4 17. f5 {½-½ (17) Danchevski,O (2423)-Vladimirov,V (2192) Struga 2010}) 11... Nh5 12. Qd2 b4 13. Nd1 $1 f5 14. e5 dxe5 15. fxe5 Nxe5 16. Bxc5 a5 17. a3 bxa3 18. Rxa3 Qc7 ({Better is} 18... Nxf3 $15 19. Rxf3 Qc7) 19. Nxe5 $11 Bxe5 20. Bg1 Bd6 21. Ra4 f4 22. Nc3 Qd7 23. Rc4 Qg4 {[#] ( -> ...Ng3+!)} 24. Qe2 (24. Ne4 $14) 24... Qxe2 25. Nxe2 Rab8 26. b3 {Accuracy: White = 47%, Black = 43%.} 1/2-1/2